| 000 | 01928nam a2200421 i 4500 | ||
|---|---|---|---|
| 001 | 196480 | ||
| 003 | ES-MaACL | ||
| 005 | 20241011063118.0 | ||
| 007 | ta | ||
| 008 | 24093 s1972||||sp a fr|||| 001 0 fre d | ||
| 035 | _a(OCoLC)892952075 | ||
| 035 | _aocm06744523 | ||
| 035 | _a180983059 | ||
| 040 |
_aABES _bfre _eAFNOR _cES-MaACL _dES-MaACL |
||
| 041 | 1 | _2639-2 | |
| 100 | 1 |
_aRamón y Cajal, Santiago, _d1852-1934 _9226468 _eaut |
|
| 245 | 1 | 0 |
_aHistologie du système nerveux de l'homme & des vertébrés / _cpar S. Ramon Cajal,... ; traduit de l'espagnol par le Dr L. Azoulay. |
| 250 |
_aEdition française revue & mise à jour. / _bpar l'auteur |
||
| 264 | 1 |
_aMadrid : _bConsejo superior de investigationes cientificas, Instituto Ramon y Cajal, _c1972. |
|
| 300 |
_a2 v. (986, 993 p.) : _bil ; _c28 cm. |
||
| 336 |
_btxt _2rdacontent _atexto |
||
| 337 |
_bn _2rdamedia _asin mediación |
||
| 337 |
_bn _2isbdmedia _asin mediación |
||
| 338 |
_bnga _2RDAfrCarrier _avolumen |
||
| 504 | _aNotes bibliogr. Indice. | ||
| 505 | _aTome premier: Generalités, Moelle, Ganglions Rachidiens, Bulbe & protuberance . -- Tome II: Histologie du système nerveux de l'homme et des vertébrés. | ||
| 650 | 7 |
_aSistema nervioso- _9172564 _xHistología |
|
| 700 |
_aAzoulay, Léon, _d1862-1926 _etrl _9238980 |
||
| 740 | 0 | _aGeneralités, Moelle, Ganglions Rachidiens, Bulbe & protuberance | |
| 740 | 0 | _aHistologie du système nerveux de l'homme et des vertébrés | |
| 852 |
_aES-MaACL _cDEPO1 _hDonación: José Manuel Duarte Cendán _9204180 _jA-15449 _pv.1 |
||
| 852 |
_aES-MaACL _cDEPO1 _hDonación: José Manuel Duarte Cendán _9204181 _jA-15450 _pv.2 |
||
| 903 |
_9238529 _aDuarte Cendán, José Manuel _q1 _ednr |
||
| 942 |
_n0 _cMONOGRAFIA |
||
| 999 |
_c196480 _d196480 |
||